Meilleur joueur européen de football. - Statistiques

Statistiques générales
  • Ce quiz a été pris 10 673 fois
    655 depuis la dernière actualisation
  • Le résultat moyen est 12 sur 13
Statistiques - réponses
Année Club Nat. Joueur % Correct
2023 Manchester City Erling Haaland
99%
2017 Real Madrid Cristiano Ronaldo
96%
2016 Real Madrid Cristiano Ronaldo
96%
2014 Real Madrid Cristiano Ronaldo
96%
2015 FC Barcelone Lionel Messi
96%
2011 FC Barcelone Lionel Messi
96%
2022 Real Madrid Karim Benzema
95%
2018 Real Madrid Luka Modrić
95%
2020 Bayern Munich Robert Lewandowski
93%
2012 FC Barcelone Andrés Iniesta
92%
2013 Bayern Munich Franck Ribéry
92%
2019 Liverpool FC Virgil van Dijk
92%
2021 Chelsea FC Jorginho
79%
Aucun quiz correspondant
Distribution des résultats
% des personnes avec chaque résultat
Percentile par nombre de réponses
Votre historique - résultats
Vous n’avez pas pris ce quiz depuis la dernière actualisation